000 00723cam a22002293a 4500
001 1398
003 PGUSA
005 20140828083000.0
008 980701s1998||||xxu|||||s|||||000 | eng d
040 _aPGUSA
_beng
042 _adc
050 4 _aBF
100 1 _aTroward, T.
_q(Thomas),
_d1847-1916
245 1 4 _aThe Doré Lectures :
_bBeing Sunday addresses at the Doré Gallery, London, given in connection with the Higher Thought Centre
_h[electronic resource] /
_cT. Troward
260 _bProject Gutenberg,
_c1998
506 _aPublic domain in the USA.
516 _aElectronic text
653 _aNew Thought
830 0 _aProject Gutenberg
_v1398
856 4 0 _uhttp://www.gutenberg.org/ebooks/1398
942 _cEB
999 _c230746
_d230746